| 000 | 00640nam a2200217 a 4500 | ||
|---|---|---|---|
| 001 | 000006107 | ||
| 003 | DO-SdBNP | ||
| 005 | 20240305081320.0 | ||
| 008 | 220725b |dr||||| |||| 00| 0 spa d | ||
| 040 |
_aDO-SdBNP _bspa _cBNPHU |
||
| 082 |
_axxx _bF672l |
||
| 245 | 0 | 0 |
_aFomento del libro en República Dominicana / _cRaymundo Amaro Guzmán, presentación. |
| 260 |
_aSanto Domingo : _bPublicaciones Onap, _c1982. |
||
| 300 |
_a42 p. ; _c23 cm. |
||
| 490 | 1 | _aOnap | |
| 490 | 1 |
_aGuías Informativas _v5 |
|
| 700 | 1 |
_aAmaro Guzmán, Raymundo _9656 |
|
| 830 |
_aONAP _910860 |
||
| 830 | 0 |
_aGuías Informativas _n5 _917201 |
|
| 942 |
_2ddc _cLBS1 |
||
| 999 |
_c5903 _d5903 |
||